Les 30 plus grandes aires urbaines de France - Statistiques

Statistiques générales
  • Ce quiz a été pris 273 fois
  • Le résultat moyen est 22 sur 30
Statistiques - réponses
Hint Réponse % Correct
10 944 094 Paris
100%
1 716 050 Lyon
99%
*1 063 472 Lille
98%
1 022 534 Bordeaux
97%
1 081 726 Toulouse
97%
1 635 154 Marseille / Aix-en-Provence
96%
*489 538 Strasbourg
96%
973 296 Nice
95%
683 313 Nantes
94%
375 940 Rennes
94%
480 915 Montpellier
87%
456 093 Grenoble
83%
250 203 Dijon
79%
232 052 Le Havre
78%
600 052 Toulon
77%
273 822 Clermont-Ferrand
76%
286 825 Nancy
76%
375 797 Saint-Étienne
76%
292 263 Metz
75%
478 593 Rouen
73%
250 031 Angers
72%
289 182 Orléans
70%
367 484 Tours
68%
505 515 Douai / Lens
54%
245 505 Mulhouse
54%
466 924 Avignon
50%
*267 053 Bayonne
47%
*332 838 Valenciennes
33%
356 543 Béthune
13%
252 132 Pointe-à-Pitre / Les Abymes
12%
Aucun quiz correspondant
Distribution des résultats
% des personnes avec chaque résultat
Percentile par nombre de réponses
Votre historique - résultats
Vous n’avez pas pris ce quiz